01231cam a22003494i 4500003000900000005001700009008004100026035001900067040003300086082002000119100003000139245006800169264004900237300000500286336002100291337002500312338002300337505038300360526000900743526000900752526000900761526000900770526000900779526000900788526000800797526000800805526000800813526000800821526000800829526000800837651003600845PE-LiUPU20250731184552.0150625s r 000 0 d a(Sirsi) a34295 aPE-LiUPUbspacPE-LiUPUerda04a938.05bC722211 aCollas, Pericles,eautor.10aDescription complete de lacropole d'athenes /cPericles Collas. 1aAthenes :bEd._Lib._C. Cacoulides,c[197_ ]. a atext2rdacontent aunmediated2rdamedia avolume2rdacarrier0 aL'entree actuelle. - Escalier monumental. - I'Ancien acces principal. - Traces de la voie. - Marches. - Le Parthenon. - Est le Pronaos. - Les métopes. - Tambours de marbre. - Musee de l'Acropole. - Belvedere. - Une entree prehistorique. - Marches en poros. - Bátments et d'installation. - Grotte de destination incómonnue., Deux entree d'un corridorn naturedan zdul Roc,l. aP136 aP135 aP134 aP133 aP144 aP143 aP87 aP35 aP20 aP14 aP10 aP06 aAtenasxHistoria (Acrópolis).